| 000 | 00682cam a22002533a 4500 | ||
|---|---|---|---|
| 001 | 11673 | ||
| 003 | PGUSA | ||
| 005 | 20140828083239.0 | ||
| 008 | 040301s2004||||xxu|||||s|||||000 | eng d | ||
| 040 |
_aPGUSA _beng |
||
| 042 | _adc | ||
| 050 | 4 | _aQL | |
| 100 | 1 |
_aMuir, John, _d1838-1914 |
|
| 245 | 1 | 0 |
_aStickeen _h[electronic resource] / _cJohn Muir |
| 260 |
_bProject Gutenberg, _c2004 |
||
| 506 | _aPublic domain in the USA. | ||
| 516 | _aElectronic text | ||
| 653 | _aDogs -- Alaska -- Anecdotes | ||
| 653 | _aMuir, John, 1838-1914 | ||
| 653 | _aStickeen (Dog) | ||
| 830 | 0 |
_aProject Gutenberg _v11673 |
|
| 856 | 4 | 0 | _uhttp://www.gutenberg.org/ebooks/11673 |
| 942 | _cEB | ||
| 999 |
_c240928 _d240928 |
||